Banderas del mundo - Paises, territorios no reconocidos - Estadísticas

Estadísticas generales
  • Esta prueba ha sido intentada 1.137 veces
  • La puntuación promedio es 32 de 49
Estadísticas de respuestas
Imagen Respuesta % Correcto
Groenlandia
91%
Hong Kong
90%
Gibraltar
89%
Isla de Man
89%
Puerto Rico
88%
Palestina
87%
Guam
84%
Islas Feroe
81%
Macao
79%
Aruba
78%
Isla de Navidad
73%
Anguilla
72%
Curazao
72%
Islas Vírgenes de los Estados Unidos
72%
Islas Cocos
69%
Islas Cook
68%
Nueva Caledonia
68%
Samoa Americana
68%
Jersey
67%
Chipre del Norte
66%
Isla Norfolk
66%
Caribe Neerlandes
65%
Guernsey
65%
Islas Malvinas
65%
Guadalupe
64%
Polinesia Francesa
64%
Sahara Occidental
64%
Bermudas
63%
Abjasia
62%
Niue
62%
Islas Vírgenes Británicas
60%
Tokelau
60%
San Pedro y Miquelón
59%
Transnistria
59%
Montserrat
57%
Guayana Francesa
56%
Mayotte
56%
Islas Caiman
54%
San Martín
53%
Islas Turcas y Caicos
51%
Islas Marianas del Norte
49%
Somalilandia
48%
Islas Pitcairn
47%
Osetia del Sur
46%
Wallis y Futuna
45%
Santa Elena, Ascensión y Tristán de Acuña​
44%
Svalbard y Jan Mayen
42%
Martinica
41%
San Bartolomé
38%
No se encontraron pruebas coincidentes
Distribución de puntuación
Porcentaje de gente con cada puntuación
Porcentaje por número respondido
Historial de tus puntuaciones
No has intentado esta prueba.